Vývojová psychologie s úvodem do vývojové neurofyziologie / Josef Langmeier, Miloš Langmeier, Dana Krejčířová
Record details
- ISBN: 80-86022-37-4
- Physical Description: 132 s. : il. ; 20 cm
- Edition: 1. vyd.
- Publisher: Praha : H & H, 1998
Search for related items by subject
| Subject: | vývojová psychologie vývojová neurofyziologie |
| Genre: | učebnice středních škol učebnice vysokých škol |
Available copies
- 2 of 2 copies available at Common Catalog SPOK.
Holds
- 0 current holds with 2 total copies.
Show Only Available Copies
| Location | Call Number / Copy Notes | Barcode | Shelving Location | Status | Due Date |
|---|---|---|---|---|---|
| Jabok Library | Psy-5/L | 424480004049 | Odborná literatura | Available | - |
| Jabok Library | Psy-5/L | 424480023724 | Odborná literatura | Available | - |
| LDR | 01502nam a2200361 a 4500 | ||
|---|---|---|---|
| 001 | 14756 | ||
| 003 | CZ-PrJAB | ||
| 005 | 20220621130454.0 | ||
| 007 | tu | ||
| 008 | 981015s1998 xr a d p 000 0 cze | ||
| 015 | . | ‡acnb000389960 | |
| 020 | . | ‡a80-86022-37-4 ‡q(brož.) ‡z80-86180-03-4 | |
| 035 | . | ‡a(CZ PrNK)cpk19980389960 | |
| 035 | . | ‡a(OCoLC)40790325 | |
| 040 | . | ‡aABA001 ‡bcze | |
| 072 | 7. | ‡a159.92 ‡xVývojová psychologie. Individuální psychologie ‡2Konspekt ‡917 | |
| 080 | . | ‡a159.92 ‡2undef | |
| 080 | . | ‡a159.91 ‡2undef | |
| 080 | . | ‡a612.8 ‡2undef | |
| 100 | 1 | . | ‡aLangmeier, Josef, ‡d1921-2007 ‡7jk01071543 ‡4aut |
| 245 | 1 | 0. | ‡aVývojová psychologie s úvodem do vývojové neurofyziologie / ‡cJosef Langmeier, Miloš Langmeier, Dana Krejčířová |
| 250 | . | ‡a1. vyd. | |
| 260 | . | ‡aPraha : ‡bH & H, ‡c1998 | |
| 300 | . | ‡a132 s. : ‡bil. ; ‡c20 cm | |
| 650 | 0 | 7. | ‡avývojová psychologie ‡7ph116715 ‡2czenas |
| 650 | 0 | 7. | ‡avývojová neurofyziologie ‡7ph127476 ‡2czenas |
| 655 | 7. | ‡aučebnice středních škol ‡7fd133771 ‡2czenas | |
| 655 | 7. | ‡aučebnice vysokých škol ‡7fd133772 ‡2czenas | |
| 700 | 1 | . | ‡aKrejčířová, Dana, ‡d1954- ‡7mzk2006324230 ‡4aut |
| 700 | 1 | . | ‡aLangmeier, Miloš, ‡d1951- ‡7jn20000710407 ‡4aut |
| 910 | . | ‡aABG312 | |
| 995 | . | ‡aska | |
| 901 | . | ‡a14756 ‡bCZ-PrJAB ‡c14756 ‡tbiblio | |